Normal view
MARC view
Entry Personal Name
001 - CONTROL NUMBER
- control field: 7832
003 - CONTROL NUMBER IDENTIFIER
- control field: OSt
005 - DATE AND TIME OF LATEST TRANSACTION
- control field: 20190807105505.0
008 - FIXED-LENGTH DATA ELEMENTS
- fixed length control field: 190807|| aca||aabn | a|a d
040 ## - CATALOGING SOURCE
- Original cataloging agency: OSt
- Transcribing agency: OSt
100 ## - HEADING--PERSONAL NAME
- Personal name: Jin, Myung H. et al
670 ## - SOURCE DATA FOUND
- Source citation: Work cat.: (OSt): Jin, Myung H. et al, Making public service motivation count for increasing organizational fit: the role of followership behavior and leader support as a causal mechanism, 2019
